000 00638nam a2200169 a 4500
001 000014276
005 20200929163543.0
008 091209s1997 dr 001 0 spa d
040 _aDO-SdBNP
_bspa
_cBNPHU
082 _axxxx
_bR426r
110 1 _aRepública Dominicana
_bCámara de Diputados
_932238
245 1 0 _aReglamento interior y reglamento para el régimen del personal subalterno de secretaría /.
246 1 4 _aReglamento interno y reglamento para el régimen del personal subalterno de secretaría
260 _aSanto Domingo :
_bCámara de Diputados,
_c1997.
_feditora de Colores
300 _a55 P. ;
_c21 cm.
049 _aBNPD
999 _c13872
_d13872